00905 2200277 4500001002100000005001500021035002000036007000300056008004100059020001800100082001200118084001800130100003000148245009200178250002000270300003700290700003200327700003100359520010200390600001000492264003500502336002100537337003000558338002300588990001600611INLIS00000000000037220260422032712 a0010-0426000371ta260422 a 1 ind  a9798894510996 a899.221 a899.221 SAP t0 aSaptorini RienePengarang1 aTak tahan lagi /cSaptorini Rien ; ilustrator, Stephanie Ngoei ; editor, Dian Kristiani acetakan pertama a16 halaman :bilustrasi ;c29 cm0 aStephanie NgoeieIlustrator0 aDian KristianiePenyunting aCila ingin pipis. Namun, ada saja halangannya. Cila benar-benar tak tahan lagi. Apa yang terjadi? 4aFiksi aJakarta :bThe Asia Foundation 2rdacontentateks 2rdamediaatanpa perantara 2rdacarrieravolume aSP000665/25